Manual de terapéutica Daimon / (Record no. 77359)

MARC details
000 -LEADER
campo de control de longitud fija 00859nam a2200217 i 4500
001 - NÚMERO DE CONTROL
campo de control 77359
003 - IDENTIFICADOR DE NÚMERO DE CONTROL
campo de control ES-MaACL
005 - FECHA Y HORA DE LA ÚLTIMA TRANSACCIÓN
campo de control 20231227200020.0
007 - CAMPO FIJO DE DESCRIPCIÓN FÍSICA--INFORMACIÓN GENERAL
campo de control de longitud fija t|
008 - DATOS DE LONGITUD FIJA--INFORMACIÓN GENERAL
campo de control de longitud fija 041008s1964 sp ||||1| spa d
100 1# - ENTRADA PRINCIPAL--NOMBRE DE PERSONA
Nombre de persona Hadorn, Walter.
9 (RLIN) 61413
245 10 - MENCIÓN DEL TÍTULO
Título Manual de terapéutica Daimon /
Mención de responsabilidad, etc. directores de redacción para la versión española, W. Hadorn, M. Jiménez Casado y C. Rozman Borstar ; secretario de redacción, F. Lience Duran ; traducido por T. Amat Puértolas ... [et al.] ; prólogo de C. Jiménez Díaz.
260 ## - PUBLICACIÓN, DISTRIBUCIÓN, ETC.
Lugar de publicación, distribución, etc. Madrid :
Nombre del editor, distribuidor, etc. Daimon,
Fecha de publicación, distribución, etc. [1964]
300 ## - DESCRIPCIÓN FÍSICA
Extensión XII, 716 p. :
Otras características físicas il. ;
Dimensiones 23 cm.
700 1# - ENTRADA AGREGADA--NOMBRE PERSONAL
Nombre de persona Hadorn, Walter.
9 (RLIN) 61413
700 1# - ENTRADA AGREGADA--NOMBRE PERSONAL
Nombre de persona Rozman, C. (
Fechas asociadas al nombre 1929-)
9 (RLIN) 100259
700 1# - ENTRADA AGREGADA--NOMBRE PERSONAL
Nombre de persona Amat Puértolas, T.
9 (RLIN) 21143
700 1# - ENTRADA AGREGADA--NOMBRE PERSONAL
Nombre de persona Jiménez Díaz, Carlos,
Fechas asociadas al nombre 1898-1967
9 (RLIN) 66515
852 ## - LOCALIZACIÓN
Ubicación ES-MaACL
Número de control de estantería C-26368
Sublocalización o colección R.55372
Holdings
Estatus retirado Estado de pérdida Estado de daño No para préstamo Biblioteca de origen Biblioteca actual Ubicación en estantería Fecha de adquisición Fuente de adquisición Total de préstamos Signatura topográfica completa Código de barras Visto por última vez Precio de reemplazo Tipo de ítem Koha
        Biblioteca del Ateneo de Madrid Biblioteca del Ateneo de Madrid Depósito 2 17/01/2008     C-26368 1080940 23/02/2023 23/02/2023 Libro impreso